01523nam a2200265Ia 4500001000600000003000900006008004100015040001300056040001300069041001300082100001500095100002900110240003000139240003500169245002900204245002900233250001100262260001100273260001800284260004900302300004300351500079900394650003301193650003101226E5399IT-RoPAU130308s9999 xx 000 0 und d aIT-RoPAU cIT-RoPAU aITALIANO aScheer Leo gCodice Aut. SPICS: 47097 aDEMOCRATIE VIRTUELLE (LA) gCodice Tit. Orig. Spics: E0663 aDemocrazia virtuale (La) bDemocrazia virtuale (La) a1a ed. aGENOVA bCosta & Nolan c1997 [1° Ed.:1997 - Ed.Ling.Originale:1994] a"112 p. (prefazione: no ; testo: 112)" a"Prologo: mura di Gerico. Implosione del Messaggio ed Esplosione del Segno.Schermo e Scritto. tre pilastri della Società Virtuale: Casta della Comunicazione, Casta dell'Informazione, Casta della Commutazione; Società di Comunicazione d'informazione e di Commutazione; virtuale è Digitale. Stato dei Luoghi: Informazione e Il buon Pagatore, Commutazione e Tempo, Comunicazione e Credito. Incanto tecnologico del Mondo: Digitalizzazione Generalizzata, che Sia la Luce, Trasgressione del Reale. battaglie delle Autostrade dell'Informazione: Televisione e Teleservizi, internet e Minitel. Dalla Democrazia Come Contratto Alla Democrazia Come Segno. Vita Dopo Il Terminale. Nuovi Templi di Las Vegas. Democrazia senza Fini. Società Transazionale. Sfida del Telecomando. Note Bibliografiche." aTEORIA DELLA MULTIMEDIALITA' eCodice materia Spics: 4253